| 000 | 01355cam a22002533a 4500 | ||
|---|---|---|---|
| 001 | 18285 | ||
| 003 | PGUSA | ||
| 005 | 20140828083405.0 | ||
| 008 | 060429s2006||||xxu|||||s|||||000 | eng d | ||
| 040 |
_aPGUSA _beng |
||
| 042 | _adc | ||
| 050 | 4 | _aPK | |
| 100 | 1 | _aDutta, R. N. | |
| 245 | 1 | 0 |
_aTales from the Hindu Dramatists _h[electronic resource] / _cR. N. Dutta |
| 260 |
_bProject Gutenberg, _c2006 |
||
| 505 | 0 | _aSakuntala or the lost ring -- Vikramorvasi or Urvasi won by valour -- Malavikagnimitra -- The vira charita or the mahavira charita -- Uttar Rama Charita -- Malati and Madhava or the stolen marriage -- Hanuman Nataka, or Mahanataka, or the great drama -- Anergha Raghava or Murari Nataka -- Veni Samvarana or Veni Sanhara -- Chanda Kausika -- Madhuraniruddha -- Sridama Charita -- Kansa Badha -- Yayati Charitra -- Kautuka Servaswa -- Prachanda Pandava -- Probodha Chandrodaya -- Nagananda -- Dutangada -- Pradyumna Vijaya -- Vidagdha Madhava -- Dhananyaya Vijaya -- Hasyarnava -- Chitra Yajna -- Mrigankalekha -- Mudrarakshasa -- Viddha Salabhanjika -- Ratnavali or the necklace. | |
| 506 | _aPublic domain in the USA. | ||
| 516 | _aElectronic text | ||
| 653 | _aSanskrit drama -- Adaptations | ||
| 700 | 1 | _aZemin, J. S. | |
| 830 | 0 |
_aProject Gutenberg _v18285 |
|
| 856 | 4 | 0 | _uhttp://www.gutenberg.org/ebooks/18285 |
| 942 | _cEB | ||
| 999 |
_c247540 _d247540 |
||